000 00311nam a22000977a 4500
005 20250901165549.0
008 211008b |||||||| |||| 00| 0 eng d
050 _aHF5657.4 .E54 1993
245 _aStudy guide for use with : managerial accounting
_cENGLER, CALVIN
942 _2lcc
_hHF5657.4 .E54 1993
999 _c5918
_d5918